000 00356nam a2200133Ia 4500
008 240624s9999 xx 000 0 und d
041 _aeng
082 _a100 SAR
100 _aSARRIS PETER
245 _aBYZANTIUM A VERY SHORT INTRODUCTION
260 _c2015
_aNew Delhi
_bOxford University Press
300 _axvi, : 142 : p. : cm. ; 17
365 _cRS
_b31
999 _c27063
_d27063